Statistics for The 20 Furthermost Capitals - Washington D.C.

Click here to take the quiz!

General Stats

  • This quiz has been taken 32 times
  • The average score is 12 of 20

Answer Stats

Answer% Correct
Wellington
93%
Canberra
90%
Jakarta
90%
Kuala Lumpur
76%
Bangkok
69%
Dili
69%
Singapore
69%
Manila
66%
Phnom Penh
62%
Vientiane
62%
Bandar Seri Begawan
59%
Port Moresby
55%
Malé
52%
Sri Jayawardenepura Kotte
48%
Naypyidaw
41%
Port Louis
41%
Antananarivo
38%
Victoria
38%
Honiara
34%
Ngerulmud
34%

Score Distribution

Percentile by Number Answered

Percent of People with Each Score

Your Score History

You have not taken this quiz